Youth Work in Regional Context
Pojem rozvoj mládeže ako spôsob definovania úsilia pracovníkov a ich práce s mládežou a organizácie služieb pre mládež a ich prijatia do praxe. Vývojové zásady a stratégie, použiteľné pri praxi práce s mládežou. Hodnotenie systému rozvoja práce s mládežou v Trenčianskom samosprávnom kraji. Stručný p...
Gespeichert in:
| 1. Verfasser: | |
|---|---|
| Weitere Verfasser: | , |
| Format: | Buchkapitel |
| Sprache: | Englisch |
| Schlagworte: | |
| Tags: |
Keine Tags, Fügen Sie das erste Tag hinzu!
|
MARC
| LEADER | 00000naa a2200000 4500 | ||
|---|---|---|---|
| 001 | 0268847 | ||
| 005 | 20200930151154.4 | ||
| 041 | 0 | |a eng | |
| 044 | |a SK | ||
| 245 | 1 | 0 | |a Youth Work in Regional Context |c Katarína Havierniková, Silvia Štefániková, Mária Petriková |
| 520 | |a Pojem rozvoj mládeže ako spôsob definovania úsilia pracovníkov a ich práce s mládežou a organizácie služieb pre mládež a ich prijatia do praxe. Vývojové zásady a stratégie, použiteľné pri praxi práce s mládežou. Hodnotenie systému rozvoja práce s mládežou v Trenčianskom samosprávnom kraji. Stručný prehľad systému práce s mládežou s uvedením základných charakteristík a dôrazu na činnosť Regionálneho centra voľného času v Trenčíne - Regionálneho centra mládeže. | ||
| 610 | 2 | 0 | |a mládež |
| 610 | 2 | 0 | |a vzdelávanie mimoškolské |
| 610 | 2 | 0 | |a politika regionálna |
| 610 | 2 | 0 | |a organizácie účelové |
| 100 | 1 | |a Havierniková, Katarína | |
| 700 | 1 | |a Štefániková, Silvia | |
| 700 | 1 | |a Petriková, Mária | |